000 00622nam a2200193Ii 4500
003 JO-AjNU
008 230605s9999||||xx |||||||||||||| ||und||
040 _aJO-AjNU
_bara
_erda
_cJO-AjNU
041 _aara
050 1 4 _aR1283.I252 2000
100 3 _aالقرشي ، علاء الدين,
_eauthor
_920817
245 0 0 _aالشامل في الصناعة الطيبية، ج5
264 3 1 _aبيروت:دار الجيل ، 2000
300 _aج5، 530ص
336 _atext
_btxt
_2rdacontent
337 _aunmediated
_bn
_2rdamedia
338 _avolume
_bnc
_2rdacarrier
650 4 _aالصناعات الطيبيه
_920818
999 _aA7126
_c10694
_d10694